Strukturální adaptace APK na tržní ekonomiku.

Dobre fungujúce väzby medzi poľnohospodárskou prvovýrobou a potravinárskou výrobou do r. 1948. Nevýhody centralizácie a koncentrácie poľnohospodárstva a potravinárskeho priemyslu. Štruktúrne zmeny v potravinárskomm priemysle, ktoré si vyžaduje prechod k trhovému hospodárstvu.

Guardado en:
Detalles Bibliográficos
Autor principal: Hubáček, J.
Formato: Capítulo de libro
Lenguaje:checo
Materias:
Etiquetas: Agregar Etiqueta
Sin Etiquetas, Sea el primero en etiquetar este registro!

MARC

LEADER 00000naa a2200000 4500
001 r003522
005 20221125081646.0
041 0 |a cze 
044 |a [CS] 
245 1 0 |a Strukturální adaptace APK na tržní ekonomiku.  |c J. Hubáček 
520 |a Dobre fungujúce väzby medzi poľnohospodárskou prvovýrobou a potravinárskou výrobou do r. 1948. Nevýhody centralizácie a koncentrácie poľnohospodárstva a potravinárskeho priemyslu. Štruktúrne zmeny v potravinárskomm priemysle, ktoré si vyžaduje prechod k trhovému hospodárstvu. 
610 2 0 |a zmeny štruktúrne 
610 2 0 |a komplex poľnohospodársko-priemyselný 
610 2 0 |a hospodárstvo trhové 
610 2 0 |a centralizácia 
610 2 0 |a koncentrácia 
610 2 0 |a ČSFR 
610 2 0 |a komplex poľnohospodársko-potravinársky 
100 1 |a Hubáček, J.